Conciliación de conflictos: diálogo interpersonal y consultoria de mediadores
Saved in:
| Main Author: | |
|---|---|
| Format: | Book |
| Language: | Spanish |
| Published: |
Wilmington
Addison-Wesley Iberoamericana
1988
|
| Series: | Serie de Desarrollo Organizacional
|
| Subjects: | |
| Tags: |
Add Tag
No Tags, Be the first to tag this record!
|
MARC
| LEADER | 00000nam a2200000 a 4500 | ||
|---|---|---|---|
| 001 | UCX7674 | ||
| 003 | CL-VaPUC | ||
| 008 | 931227e19880000US |||||||||||||||||spa|d | ||
| 082 | 0 | 4 | |a 658.314 |b WAL |2 21 |
| 100 | 0 | |a Walton, Richard E |e author |9 324587 | |
| 245 | 1 | 0 | |a Conciliación de conflictos: diálogo interpersonal y consultoria de mediadores |
| 300 | |a 173 p | ||
| 942 | |c BK | ||
| 945 | |d 19931227 00:00:00 |a rbrito | ||
| 260 | |a Wilmington |b Addison-Wesley Iberoamericana |c 1988 | ||
| 650 | 7 | |a CONFLICTOS DE ROLES |2 CL-VaPUC |9 324588 | |
| 650 | 0 | |a Cambio organizacional |9 260741 | |
| 650 | 7 | |a CONFLICTO INTERPERSONAL |2 CL-VaPUC |9 324589 | |
| 583 | |a last modification |c 19931227 00:00:00 |k Rodrigo Vera | ||
| 490 | 0 | |a Serie de Desarrollo Organizacional | |
| 999 | |c 227439 |d 227437 | ||
| 952 | |0 0 |1 0 |4 0 |6 658_314000000000000_WAL_1988 |7 0 |8 A |9 226471 |a BIBGIM |b BIBGIM |d 2019-11-15 |i 2956144 |o 658.314 WAL 1988 |p 2956144 |r 2025-01-15 |w 2019-11-15 |y BK |k COM | ||
| 952 | |0 0 |1 0 |4 0 |6 658_314000000000000_WAL_1988 |7 0 |8 A |9 226472 |a BIBGIM |b BIBGIM |d 2019-11-15 |i 3381595 |o 658.314 WAL 1988 |p 3381595 |r 2025-01-15 |w 2019-11-15 |y BK |k SSL | ||